Statistiques concernant Les 10 entraineurs qui ont dépensés le plus sur le marché.

Cliquez ici pour prendre le quiz!

Statistiques générales

  • Ce quiz a été pris 146 fois
  • Le résultat moyen est 8 sur 10

Statistiques - réponses

Dépense
en €
EntraineursNationalitésJoueurs
Phares
Recruté
% Correct
1 820 000 000Pep GuardiolaEspagneJack Grealish
Ruben Dias
Rodri
99%
1 850 000 000Jose MourinhoPortugalPaul Pogba
Romelu Lukaku
Fred
97%
1 690 000 000Carlo AncelottiItalieJude Bellingham
Gareth Bale
Aurelien Tchouameni
96%
973 000 000Arsene WengerFrancePierre-Emerick Aubameyang
Alexandre Lacazette
Mesut Ozil
88%
1 070 000 000Jurgen KloppAllemagneVirgil Van Dijk
Darwin Nunez
Dominik Szoboszlai
87%
1 200 000 000Diego SimeoneArgentineJoao Felix
Thomas Lemar
Diego Costa
86%
1 150 000 000Unai EmeryEspagneNeymar
Kylian Mbappe
Nicolas Pepe
79%
1 170 000 000Antonio ConteItalieRomelu Lukaku
Alvaro Morata
Richarlison
73%
1 390 000 000Massimiliano AllegriItalieCristiano Ronaldo
Gonzalo Higuain
Dusan Vlahovic
69%
1 190 000 000Manuel PellegriniChiliCristiano Ronaldo
Kevin De Bruyne
Kaka
50%

Distribution des résultats

Percentile par nombre de réponses

% des personnes avec chaque résultat

Votre développement - résultats

Vous n’avez pas pris ce quiz